000 00903nam a2200253Ia 4500
003 OSt
005 20220930092820.0
006 a|||||r|||| 00| 0
007 ta
008 220926b |||||||| |||| 00| 0 eng d
024 _a25010
037 _cTheses
040 _aCRL
_cCRL
_beng
041 _2eng
_aeng
100 _aGill Jagneet
_9549748
110 _aUniversity OF Delhi. Faculty OF Medical Sciences. Department OF Anaesthesiology
245 0 _aEffect of single dose imcg/kg of dexmedetomidine on attennuation of stress response to endotracheal intubation in patients undergoing coronary artery bypass graft surgery
260 _c2015
650 _aANESTHETICS
_9519569
700 _a T. K. Sahoo Gu.
_9549749
700 _aUniversity OF Delhi. Faculty OF Medical Sciences. Department OF Anaesthesiology
942 _cDIS
_2CC
999 _c884335
_d884335